| 000 | 01376nam a2200349Ia 4500 | ||
|---|---|---|---|
| 001 | ebr10279448 | ||
| 003 | CaPaEBR | ||
| 006 | m u | ||
| 007 | cr cn||||||||| | ||
| 008 | 040203s2005 nyu sb 001 0 eng d | ||
| 010 | _z 2004002168 | ||
| 020 | _z0195169573 (hardcover : alk. paper) | ||
| 020 | _z9780195169577 | ||
| 040 |
_aCaPaEBR _cCaPaEBR |
||
| 035 | _a(OCoLC)64685511 | ||
| 050 | 1 | 4 |
_aPS325 _b.C37 2005eb |
| 082 | 0 | 4 |
_a811/.509 _222 |
| 100 | 1 |
_aCaplan, David, _d1969- |
|
| 245 | 1 | 0 |
_aQuestions of possibility _h[electronic resource] : _bcontemporary poetry and poetic form / _cDavid Caplan. |
| 260 |
_aNew York : _bOxford University Press, _cc2005. |
||
| 300 | _aviii, 165 p. | ||
| 504 | _aIncludes bibliographical references and index. | ||
| 533 |
_aElectronic reproduction. _bPalo Alto, Calif. : _cebrary, _d2009. _nAvailable via World Wide Web. _nAccess may be limited to ebrary affiliated libraries. |
||
| 650 | 0 |
_aAmerican poetry _y20th century _xHistory and criticism. |
|
| 650 | 0 |
_aAmerican poetry _y21st century _xHistory and criticism. |
|
| 650 | 0 |
_aEnglish language _xVersification. |
|
| 650 | 0 | _aLiterary form. | |
| 650 | 0 | _aPoetics. | |
| 655 | 7 |
_aElectronic books. _2local |
|
| 710 | 2 | _aebrary, Inc. | |
| 856 | 4 | 0 |
_uhttp://site.ebrary.com/lib/rucke/Doc?id=10279448 _zAn electronic book accessible through the World Wide Web; click to view |
| 999 |
_c4492 _d4492 |
||